Pays avec une monnaie étrangère - Statistiques

Statistiques générales
  • Ce quiz a été pris 130 fois
  • Le résultat moyen est 9 sur 17
Statistiques - réponses
Principale monnaie étrangère utilisée Pays % Correct
Franc suisse Liechtenstein
94%
Euro Andorre
74%
Euro Vatican
73%
Euro Monaco
71%
Euro Saint-Marin
70%
Dollar australien Nauru
63%
Dollar australien Tuvalu
63%
Euro Kosovo
57%
Dollar américain Palaos
54%
Dollar américain Îles Marshall
53%
Dollar américain Kiribati
53%
Euro Montenegro
53%
Dollar américain Micronesie
52%
Dollar américain Salvador
31%
Dollar américain Equateur
29%
Dollar américain Timor oriental
24%
Dollar américain Zimbabwe
23%
Aucun quiz correspondant
Distribution des résultats
% des personnes avec chaque résultat
Percentile par nombre de réponses
Votre historique - résultats
Vous n’avez pas pris ce quiz